Vista normal Vista MARC

Entrada Topical Term

Número de registros utilizados en: 1

001 - CONTROL NUMBER

  • control field: 44222

003 - CONTROL NUMBER IDENTIFIER

  • control field: OSt

005 - DATE AND TIME OF LATEST TRANSACTION

  • control field: 20250711152742.0

008 - FIXED-LENGTH DATA ELEMENTS

  • fixed length control field: 250711|| aca||aabn | a|a d

040 ## - CATALOGING SOURCE

  • Original cataloging agency: OSt
  • Transcribing agency: OSt

150 ## - HEADING--TOPICAL TERM

  • Topical term or geographic name entry element: Cuentos infantiles alemanes -- Siglo XX ; Literatura infantil alemana -- Siglo XX--

670 ## - SOURCE DATA FOUND

  • Source citation: Work cat.: (OSt)3537: Wölfel, Ursula, 1922- 44220, Abecedario fantástico /